Регионална библиотека "Любен Каравелов" - Русе

Тревопасни динозаври (Запис номер 66739)

MARC детайли
000 -Лидер
Лидер 01520nam a2200349 a 4500
003 - Код на организацията, давaща контролен номер
Код на организацията, даваща контролен номер BLK
005 - Дата и час на последна редакция
Дата и час на последна редакция 20250528155627.0
008 - Елементи от данни с фиксирана дължина
Елементи с фиксирана дължина 180408b bul|||||r ||||||| ||bul||
020 ## - Международен стандартен номер на книга ISBN
ISBN 954260341Х
020 ## - Международен стандартен номер на книга ISBN
ISBN 9789542603412
040 ## - Източник на каталожния запис
Код на библиотеката BLK
041 ## - Код за език
Език Български
Език за КДБФ Български
080 ## - УДК
УДК текст Динозаври
УДК код 568.1
УДК – определител :087.5
УДК – код + определител 568.1:087.5
080 ## - УДК
УДК текст Издания за деца и юноши. Книжки-картинки. Читанки. Вж и 372.4
УДК код 087.5
УДК – определител :568.1
УДК – код + определител 087.5:568.1
9 (RLIN) 231478
100 1# - Редна дума - Автор
Автор Диксън, Дугъл
R(LIN) 293094
245 10 - Сведения за заглавието
Заглавие Тревопасни динозаври
Авторска отговорност Дугъл Диксън; прев. Валентина Рашева.
257 ## - Страна на издаване
Страна на създаване/издаване Великобритания
260 ## - Област на издателските данни
Място на издаване Пловдив
Име на издателя Хермес
Година на издаване 2005
Печатница София : Д. Благоев
300 ## - Физическа характеристика
Брой страници 32 с.
Илюстрации с цв. ил.
Размер 24 см
380 ## - Жанр
Жанр Детска отраслова лит.
490 1# - СЕРИИ (Колекции)
Серия Изчезналите
500 ## - Общи забележки
Обща забележка Ориг. загл. Herbivores / Dougal Dixon. - Авт. не е отбелязан на кор. - Съдържа и Знаете ли, че...- Азб. показалец.
650 #4 - Допълнително описание по предмет – тема
Предметна рубрика Динозаври
9 (RLIN) 153483
653 ## - Ключова дума – ненормативна
Ключови думи динозаври
653 ## - Ключова дума – ненормативна
Ключови думи детска литература
9 (RLIN) 184826
700 ## - Други автори (авторска отговорност)
Друг автор Рашева, Валентина Борисова
Авт. отговорност на др. автор прев.
9 (RLIN) 371253
852 ## - Местоположение
Сигнатура (форматна) Цб 231045
Отдел Хранилище
Систематично-азбучна сигнатура 5/Д 54 Д
942 ## - АРТИКУЛИ
Вид на библиотечния документ Книги
Скрит в OPAC Не
Koha issues (borrowed), all copies 23
944 ## - СЪЗДАВАНЕ И РЕДАКЦИЯ на ЗАПИСА
Създаване/Редакция Създаване
Дата на регистрацията/редакция 31.01.2007
Служител, извършил регистрацията/редакцията 30543
Номер на служител Ива Цветкова
944 ## - СЪЗДАВАНЕ И РЕДАКЦИЯ на ЗАПИСА
Създаване/Редакция Редакция
Дата на регистрацията/редакция 2023-07-19
Служител, извършил регистрацията/редакцията СТ
999 ## - СИСТЕМНИ КОНТРОЛНИ НОМЕРА
Koha biblionumber 66739
Koha biblioitemnumber 66739
Наличности
Код за отписване Код за изгубен артикул Код за повреда Коз за рестрикции Код за отдаване Артикулен № Име на библиотеката - собственик Име на библиотеката, в която се намира в момента Статус (Текущо местоположение) Дата на вписване в системата Местоположение - отдел Цена в лева Инвентарен номер Систематично азбучна сигнатура Баркод Номер на екземпляра Цена в евро Служебна бележка Служебен тип на артикула Източник на класификационната схема
  Не е изгубен Не е повреден без рестрикции ползва се в читалня 110563 Регионална библиотека "Любен Каравелов" Русе Регионална библиотека "Любен Каравелов" Русе Хранилище 2007-02-01 Хранилище 3.99 120000709134 Цб 231045 120000709134 1 2.04 Дост: Dp Вид: Д N: 10 Дата: 15.02.2006 Книги  
  Не е изгубен Не е повреден без рестрикции заемане за дома 110564 Регионална библиотека "Любен Каравелов" Русе Регионална библиотека "Любен Каравелов" Русе Детски отдел 2008-09-25 Детски отдел 3.99 120000729321 ДН 5/Д 54 120000729321 2 2.04 Дост: Pk Вид: Ф N: 8930 Дата: 24.09.2008 Книги  
  Не е изгубен Не е повреден без рестрикции заемане за дома 110565 Регионална библиотека "Любен Каравелов" Русе Регионална библиотека "Любен Каравелов" Русе Детски отдел 2008-09-25 Детски отдел 3.99 120000729322 ДН 5/Д 54 120000729322 3 2.04 Дост: Pk Вид: Ф N: 8930 Дата: 24.09.2008 Дата инв: 18.08.2015 Бележки инв: Д2015 Книги Universal Decimal Classification
  Не е изгубен Не е повреден без рестрикции заемане за дома 110566 Регионална библиотека "Любен Каравелов" Русе Регионална библиотека "Любен Каравелов" Русе Детски отдел 2008-09-25 Детски отдел 3.99 120000729323 ДН 5/Д 54 120000729323 4 2.04 Дост: Pk Вид: Ф N: 8930 Дата: 24.09.2008 Дата инв: 20.08.2015 Бележки инв: Д2015 Книги  
  Не е изгубен Не е повреден без рестрикции заемане за дома 931261 Регионална библиотека "Любен Каравелов" Русе Регионална библиотека "Любен Каравелов" Русе Детски отдел 2023-07-21 Детски отдел 3.99 120000890319 5/Д 54 Д 120000890319   2.04   Книги Universal Decimal Classification
Vip Innovations Ltd, Rousse, Bulgaria 2025